000 00697nam a2200289Ia 4500
005 20260324132700.0
008 008 260324s9999 xx 000 0 eng d
020 _a9780203416372
037 _aEBOOK
040 _aCRL
040 _beng
040 _cCRL
041 _2eng
041 _aeng
084 _qCRL
100 _aGill Nicholls
_9999253
245 3 _aAn Introduction to Teaching
245 2 _bA Handbook for Primary and Secondary School Teachers
260 _bTaylor and Francis
260 _c2004
365 _a
365 _b190
856 _uhttp://www.taylorfrancis.com/books/9780203416372
942 _cEBOOK
999 _c1788533
_d1788533